Statistics for The 20 Most Densely Populated Cities in the U.S.

Click here to take the quiz!

General Stats

  • This quiz has been taken 20 times
  • The average score is 10 of 20

Answer Stats

Answer% Correct
Chicago
95%
New York City
95%
East Los Angeles
90%
Miami
90%
Boston
80%
Philadelphia
80%
San Francisco
80%
Washington D.C.
75%
Jersey City
50%
Newark
50%
Yonkers
40%
Cambridge
35%
Berkeley
30%
Paterson
25%
Santa Ana
25%
Daly City
20%
Hialeah
20%
Inglewood
20%
El Monte
15%
Norwalk
15%

Score Distribution

Percentile by Number Answered

Percent of People with Each Score

Your Score History

You have not taken this quiz